Score 0/12 Timer 04:00
0 Plays Today
% Correct
Heathcliff
78.1%
Isabella Linton
67.1%
Catherine
66.9%
Edgar Linton
64.2%
Nelly Dean
63.8%
Joseph
60.6%
Mr Earnshaw
56%
Lockwood
55.7%
Hindley Earnshaw
53.3%
Hareton Earnshaw
49.4%
Linton Heathcliff
48.3%
Zillah
39.7%
Remove Ads.
Support Sporcle.
Get the best of Sporcle when you Go Orange. This ad-free experience offers more features, more stats, and more fun while also helping to support Sporcle. Thank you for becoming a member.

You're not logged in!

Compare scores with friends on all Sporcle quizzes.
OR
Log In

Show Comments

Extras

Top Quizzes Today


Score Distribution

Your Account Isn't Verified!

In order to create a playlist on Sporcle, you need to verify the email address you used during registration. Go to your Sporcle Settings to finish the process.

Report this User

Report this user for behavior that violates our Community Guidelines.

Details: